000 00482nam a2200157Ia 4500
008 140925s9999 xx 000 0 und d
245 _aInformation Technologies & International Development /
_h[electronic resource]
260 _bUSC Annenberg School,
516 _aElectronic text
650 _aDevelopment.
650 _aInformation Technology.
830 _aUSC Annenberg School
856 _uhttp://itidjournal.org/itid
942 _cEJ
999 _c275701
_d275701